[Event "Moscow Open A 2016"]
[Site "Moscow RUS"]
[Date "2016.01.30"]
[Round "1.15"]
[White "Lintchevski, Daniil"]
[Black "Frolov, Ivan"]
[Result "0-1"]
[WhiteTitle "GM"]
[BlackTitle "FM"]
[WhiteElo "2563"]
[BlackElo "2318"]
[WhiteFideId "4171055"]
[BlackFideId "4188012"]
[EventDate "2016.01.30"]

1. Nf3 Nf6 2. c4 c5 3. Nc3 Nc6 4. e3 g6 5. d4 cxd4 6. exd4 d5 7. cxd5 Nxd5 8.
Qb3 Nxc3 9. Bc4 e6 10. bxc3 Bg7 11. Ba3 Bf8 12. Bxf8 Kxf8 13. O-O Kg7 14. Be2 b6
15. Rad1 Bb7 16. c4 Qf6 17. Qe3 Rhd8 18. Rd2 Ne7 19. g4 Bxf3 20. Bxf3 Rac8 21.
g5 Qf5 22. Be2 Rd7 23. Rfd1 Rcd8 24. h3 h6 25. gxh6+ Kh7 26. d5 Qf6 27. Bg4 Nf5
28. Bxf5 Qxf5 29. Rd4 exd5 30. Rf4 Qg5+ 31. Kh2 f5 32. Rfd4 Qxe3 33. fxe3 Kxh6
34. cxd5 Kg5 35. Kg3 Kf6 36. d6 Ke5 37. Rd5+ Ke6 38. Kf4 Rh8 39. Kg3 Rdh7 40.
Kf2 Rxh3 41. e4 Rh2+ 42. Ke3 R8h3+ 43. Kd4 Rxa2 44. exf5+ gxf5 45. Kc4 Kd7 46.
Kb4 Kc6 47. R1d3 Rxd3 48. Rxd3 Kd7 49. Rf3 Ra5 0-1

[Event "Moscow Open A 2016"]
[Site "Moscow RUS"]
[Date "2016.01.30"]
[Round "1.16"]
[White "Derevianchenko, Ilia"]
[Black "Alekseenko, Kirill"]
[Result "0-1"]
[BlackTitle "GM"]
[WhiteElo "2316"]
[BlackElo "2560"]
[WhiteFideId "14104709"]
[BlackFideId "4135539"]
[EventDate "2016.01.30"]

1. e4 c5 2. Nf3 d6 3. d4 cxd4 4. Nxd4 Nf6 5. Nc3 Nc6 6. g3 g6 7. Bg2 Nxd4 8.
Qxd4 Bg7 9. O-O O-O 10. h3 Be6 11. Qe3 Qc7 12. Nd5 Qxc2 13. Nxe7+ Kh8 14. Nd5
Nxd5 15. exd5 Bf5 16. Re1 Be5 17. g4 Bd7 18. Re2 Qd1+ 19. Re1 Qa4 20. b3 Qa6 21.
Bd2 Rac8 22. a4 f5 23. gxf5 Bxf5 24. Rac1 Qd3 25. Qxd3 Bxd3 26. Be4 Ba6 27. Kg2
Kg8 28. Rxc8 Rxc8 29. f4 Bd4 30. f5 Rf8 31. Bh6 Re8 32. fxg6 hxg6 33. Bf4 Bc3
34. Rc1 Rxe4 35. Kf3 Rxf4+ 0-1

[Event "Moscow Open A 2016"]
[Site "Moscow RUS"]
[Date "2016.01.30"]
[Round "1.17"]
[White "Pridorozhni, Aleksei"]
[Black "Bryakin, Mikhail"]
[Result "1-0"]
[WhiteTitle "GM"]
[BlackTitle "FM"]
[WhiteElo "2550"]
[BlackElo "2315"]
[WhiteFideId "4127870"]
[BlackFideId "4165314"]
[EventDate "2016.01.30"]

1. e4 c6 2. Nc3 d5 3. d4 dxe4 4. Nxe4 Bf5 5. Ng3 Bg6 6. Nf3 Nd7 7. h4 h6 8. h5
Bh7 9. Bd3 Bxd3 10. Qxd3 Qc7 11. Bd2 Ngf6 12. O-O-O e6 13. Qe2 O-O-O 14. Ne5
Nxe5 15. dxe5 Nd5 16. f4 Be7 17. Ne4 c5 18. c4 Nb6 19. b3 Qc6 20. Nc3 a6 21. Qe4
Qxe4 22. Nxe4 Rd4 23. Rde1 Kc7 24. Bc3 Rd7 25. Kc2 Kc6 26. Rhf1 g6 27. Rh1 Rdd8
28. Rh2 Rdg8 29. g3 Nc8 30. hxg6 Rxg6 31. Rh5 Rh7 32. a4 Na7 33. Kd3 Kd7 34. Ke3
Nc6 35. Rd1+ Kc7 36. Kf3 Rh8 37. Rdh1 b6 38. R1h3 Nd8 39. Nf2 Bf8 40. Rh1 Rhg8
41. Ne4 Nc6 42. R5h3 Nd8 43. Nf6 Rh8 44. Rd1 Bg7 45. Ne4 Nc6 46. Rh2 Rd8 47.
Rxd8 Nxd8 48. a5 Bf8 49. axb6+ Kxb6 50. Rd2 Nc6 51. Rd7 Be7 52. Nd6 Bxd6 53.
exd6 f5 54. Rh7 Rg8 55. Rxh6 Re8 56. Bf6 Rg8 57. Kf2 Nb8 58. Rh7 Rf8 59. Be7 Rg8
60. Rh6 Nd7 61. Rxe6 Kc6 62. Re3 Rg6 63. Rd3 Rg8 64. Kf3 a5 65. Kg2 Ra8 66. Kh3
Rh8+ 67. Bh4 Rg8 68. Bg5 Rh8+ 69. Kg2 Ra8 70. Be7 a4 71. bxa4 Rxa4 72. Rd5 Rxc4
73. Rxf5 Rc2+ 74. Kh3 c4 75. Ra5 Rb2 76. Ra4 Rc2 77. Ra7 Nb8 78. Rc7+ Kb6 79. d7
Nxd7 80. Rxd7 1-0

[Event "Moscow Open A 2016"]
[Site "Moscow RUS"]
[Date "2016.01.30"]
[Round "1.18"]
[White "Dzhangobegov, Vladimir"]
[Black "Bernadskiy, Vitaliy"]
[Result "0-1"]
[WhiteTitle "FM"]
[BlackTitle "GM"]
[WhiteElo "2314"]
[BlackElo "2546"]
[WhiteFideId "4180984"]
[BlackFideId "14100371"]
[EventDate "2016.01.30"]

1. e4 c6 2. d4 d5 3. e5 Bf5 4. Nf3 e6 5. Be2 Nd7 6. O-O Bg6 7. Nbd2 Nh6 8. Nb3
Nf5 9. Bd2 Be7 10. g4 Nh6 11. h3 Ng8 12. Ne1 h5 13. f4 hxg4 14. hxg4 Be4 15. Bf3
c5 16. Bxe4 dxe4 17. Qe2 cxd4 18. Qxe4 Bc5 19. Nd3 Qh4 20. Qg2 Bb6 21. a4 a5 22.
Rf3 Qh7 23. Nf2 Qxc2 24. Rc1 Qg6 25. Rd3 Rh4 26. Qxb7 Rd8 27. Qf3 Nh6 28. Qg3
Nxe5 29. fxe5 Nxg4 30. Rc6 Rb8 31. Nxa5 Qh5 32. Nh3 Nxe5 0-1

[Event "Moscow Open A 2016"]
[Site "Moscow RUS"]
[Date "2016.01.30"]
[Round "1.19"]
[White "Yudin, Sergei"]
[Black "Morozov, Egor"]
[Result "1-0"]
[WhiteTitle "GM"]
[BlackTitle "FM"]
[WhiteElo "2545"]
[BlackElo "2313"]
[WhiteFideId "4159659"]
[BlackFideId "24102121"]
[EventDate "2016.01.30"]

1. e4 c5 2. Nf3 d6 3. c3 Nf6 4. Bd3 Bg4 5. Bc2 Nc6 6. h3 Bxf3 7. Qxf3 g6 8. O-O
Bg7 9. d3 O-O 10. Be3 b5 11. a3 a5 12. a4 b4 13. Bb3 Ne5 14. Qe2 bxc3 15. Nxc3
Rb8 16. Nb5 Nc6 17. f4 Nd4 18. Bxd4 cxd4 19. e5 Nh5 20. Rf3 Bh6 21. Raf1 dxe5
22. fxe5 Be3+ 23. Kh1 e6 24. g4 Ng7 25. Bc4 Qg5 26. Qh2 h5 27. Qg3 Qh6 28. Kg2
Bg5 29. b3 Be7 30. Nxd4 Bc5 31. Nb5 Rbd8 32. Rf4 Qg5 33. d4 Be7 34. Nc3 h4 35.
Qf2 Nh5 36. Rxf7 Ng3 37. Bxe6 Kh8 38. Rd1 Rxf7 39. Bxf7 Rf8 40. e6 Rc8 41. d5
Rxc3 42. d6 Qe5 43. dxe7 Qe4+ 44. Kh2 Nf1+ 45. Rxf1 Qe5+ 46. Qf4 Rc2+ 47. Kh1 1-0

[Event "Moscow Open A 2016"]
[Site "Moscow RUS"]
[Date "2016.01.30"]
[Round "1.20"]
[White "Sargissyan, Sargis"]
[Black "Bajarani, Ulvi"]
[Result "1/2-1/2"]
[WhiteTitle "FM"]
[BlackTitle "GM"]
[WhiteElo "2311"]
[BlackElo "2540"]
[WhiteFideId "13303210"]
[BlackFideId "13403028"]
[EventDate "2016.01.30"]

1. e4 e6 2. d4 d5 3. Nc3 Nf6 4. Bg5 Bb4 5. e5 h6 6. Bd2 Bxc3 7. bxc3 Ne4 8. Qg4
Kf8 9. Bd3 Nxd2 10. Kxd2 c5 11. h4 Qa5 12. Nf3 Nc6 13. Qf4 Bd7 14. Rhb1 b6 15.
Qe3 c4 16. Be2 Qa3 17. g4 Ne7 18. h5 b5 19. Nh4 a5 20. f4 b4 21. cxb4 axb4 22.
Qxa3 Rxa3 23. Rxb4 Nc6 24. Rb7 Ke7 25. Nf3 Rha8 26. Bd1 R8a7 27. Rxa7 Nxa7 28.
Ng1 Ba4 29. Ne2 Nb5 30. Rb1 Kd7 31. Rb4 Kc6 32. Kc1 c3 33. Kb1 Nc7 34. Ka1 Na6
35. Rb1 Bb5 36. Nc1 Ra4 37. Rb3 Rxd4 38. Rxc3+ Kb6 39. Nd3 Bxd3 40. Rxd3 Rxf4
41. Rb3+ Kc6 42. Kb2 Nc5 43. Ra3 Nd7 44. Rc3+ Kb6 45. Rb3+ Kc5 46. Rc3+ Kd4 47.
a4 Nxe5 48. Be2 Re4 49. a5 Nd7 50. a6 Nc5 51. a7 Na4+ 52. Ka3 Nxc3 53. Ba6 Ke3
54. a8=Q Kd2 55. Kb3 Re1 56. Kb4 Re4+ 57. Kb3 Re1 58. Kb4 Re4+ 59. Kb3 Re1 1/2-1/2

[Event "Moscow Open A 2016"]
[Site "Moscow RUS"]
[Date "2016.01.30"]
[Round "1.21"]
[White "Predke, Alexandr"]
[Black "Pirverdiyev, Agil"]
[Result "1-0"]
[WhiteElo "2520"]
[BlackElo "2311"]
[WhiteFideId "24107581"]
[BlackFideId "13400568"]
[EventDate "2016.01.30"]

1. e4 c5 2. Nf3 d6 3. d4 cxd4 4. Nxd4 Nf6 5. Nc3 a6 6. Be2 e6 7. O-O Be7 8. f4
Qc7 9. Qe1 O-O 10. Qg3 Nc6 11. Be3 Nxd4 12. Bxd4 b5 13. a3 Bb7 14. Kh1 Rad8 15.
Rae1 Rd7 16. Bd3 Qd8 17. Qh3 g6 18. Re3 Re8 19. Rg3 Bf8 20. a4 b4 21. Nd5 Bg7
22. Nxf6+ Bxf6 23. Bxf6 Qxf6 24. f5 Qg7 25. f6 Qf8 26. Rf4 h6 27. Rh4 Kh7 28.
Rgg4 1-0

[Event "Moscow Open A 2016"]
[Site "Moscow RUS"]
[Date "2016.01.30"]
[Round "1.22"]
[White "Zenin, Dmitri"]
[Black "Ivanov, Oleg V UKR"]
[Result "0-1"]
[BlackTitle "IM"]
[WhiteElo "2310"]
[BlackElo "2519"]
[WhiteFideId "4127897"]
[BlackFideId "14110709"]
[EventDate "2016.01.30"]

1. d4 d5 2. c4 c6 3. Nc3 Nf6 4. e3 g6 5. Nf3 Bg7 6. Be2 O-O 7. O-O Ne4 8. Qc2
Nxc3 9. bxc3 b6 10. cxd5 cxd5 11. c4 Bb7 12. Ba3 dxc4 13. Qxc4 Nc6 14. Rac1 Qd7
15. Rfd1 Rfd8 16. Qa4 Rac8 17. d5 Nd4 18. Rxd4 Rxc1+ 19. Bxc1 Bxd4 20. Qxd4 Qxd5
21. Bb2 Qxd4 22. Nxd4 Bd5 23. a3 Rc8 24. f4 f6 25. Bd3 Rc5 26. e4 Bc4 27. Bxc4+
Rxc4 28. f5 Kf7 29. Kf2 b5 30. Ke3 b4 31. Kd3 bxa3 32. Bxa3 Ra4 33. Bc5 Ra1 34.
Nc2 Rd1+ 35. Ke2 Rd7 36. Nd4 Rb7 37. Kd3 a5 38. Kc2 a4 39. Ba3 gxf5 40. exf5 h5
41. g3 Rb8 42. Bb2 h4 43. gxh4 Rh8 44. Kc3 Rxh4 45. Kb4 Rxh2 46. Bc3 Ra2 47. Kc4
Ke8 48. Bb4 Rh2 49. Bc5 Rh3 50. Nc2 Kd7 51. Kd5 Rf3 52. Nd4 Re3 53. Nb5 Re5+ 54.
Kc4 Rxf5 55. Nc3 Rf4+ 56. Kb5 e5 57. Nxa4 Ke6 58. Nc3 f5 59. Ba7 Rh4 60. Kc5 Rd4
61. Nb5 Rd7 62. Bb8 f4 63. Nc7+ Rxc7+ 64. Bxc7 0-1

[Event "Moscow Open A 2016"]
[Site "Moscow RUS"]
[Date "2016.01.30"]
[Round "1.23"]
[White "Kornev, Alexei"]
[Black "Gurvich, Vitaly"]
[Result "1/2-1/2"]
[WhiteTitle "GM"]
[BlackTitle "FM"]
[WhiteElo "2517"]
[BlackElo "2308"]
[WhiteFideId "4120949"]
[BlackFideId "24164852"]
[EventDate "2016.01.30"]

1. d4 Nf6 2. Bg5 d5 3. e3 c6 4. Nf3 Nbd7 5. Be2 e6 6. O-O Be7 7. c4 O-O 8. Qc2
h6 9. Bh4 Ne4 10. Bxe7 Qxe7 11. Rd1 Nef6 12. Nc3 dxc4 13. Bxc4 b5 14. Be2 Bb7
15. e4 e5 16. a3 a6 17. Rac1 Rfd8 18. b4 Rac8 19. g3 exd4 20. Nxd4 g6 21. Nb3 c5
22. Nxc5 Nxc5 23. Rxd8+ Qxd8 24. bxc5 Rxc5 25. Qb2 Qd4 26. Qb4 Qxb4 27. axb4 Rc8
28. f3 Nd7 29. Na2 Rxc1+ 30. Nxc1 Ne5 31. Nd3 Nc6 32. Bd1 Bc8 33. Bb3 Nd4 34.
Bd1 Nc6 35. Bb3 Nd4 36. Bd1 Nc6 37. Bb3 Nd4 1/2-1/2

[Event "Moscow Open A 2016"]
[Site "Moscow RUS"]
[Date "2016.01.30"]
[Round "1.25"]
[White "Meskovs, Nikita"]
[Black "Popov, Kirill"]
[Result "1-0"]
[WhiteTitle "IM"]
[BlackTitle "FM"]
[WhiteElo "2515"]
[BlackElo "2305"]
[WhiteFideId "11602740"]
[BlackFideId "24157457"]
[EventDate "2016.01.30"]

1. d4 Nf6 2. c4 e6 3. Nc3 Bb4 4. e3 c5 5. Ne2 cxd4 6. exd4 d5 7. a3 Be7 8. Ng3
Nc6 9. Be3 O-O 10. Be2 dxc4 11. Bxc4 a6 12. O-O b5 13. Ba2 b4 14. Na4 bxa3 15.
bxa3 Nd5 16. Qc2 Bd7 17. Nc5 Rc8 18. Bxd5 exd5 19. Qd3 Bxc5 20. dxc5 d4 21. Bf4
Na5 22. Bd6 Re8 23. Qxa6 Nb3 24. Rad1 Nxc5 25. Bxc5 Rxc5 26. Rxd4 Qc7 27. a4 Bc6
28. Qd3 Ra5 29. Rc1 Qb7 30. Qc3 Ra6 31. Rg4 1-0

[Event "Moscow Open A 2016"]
[Site "Moscow RUS"]
[Date "2016.01.30"]
[Round "1.26"]
[White "Erzhanov, Arman"]
[Black "Sviridov, Valery"]
[Result "0-1"]
[WhiteTitle "FM"]
[WhiteElo "2304"]
[BlackElo "2511"]
[WhiteFideId "4138821"]
[BlackFideId "4120680"]
[EventDate "2016.01.30"]

1. e4 Nf6 2. Nc3 d6 3. d4 c6 4. f3 g6 5. Be3 Bg7 6. Qd2 b5 7. Bd3 Nbd7 8. Nh3 e5
9. Nf2 O-O 10. O-O exd4 11. Bxd4 Bb7 12. Be3 d5 13. Rad1 Re8 14. Bh6 Bxh6 15.
Qxh6 b4 16. Na4 Qe7 17. b3 Nb6 18. Nb2 Qc5 19. Qc1 Qc3 20. Rd2 a5 21. Nbd1 Qc5
22. Re2 dxe4 23. fxe4 Nfd7 24. Kh1 Ne5 25. Qf4 Bc8 26. Ne3 Be6 27. Nf5 Nbd7 28.
Qh6 Qf8 29. Qg5 Bxf5 30. exf5 Nxd3 0-1

[Event "Moscow Open A 2016"]
[Site "Moscow RUS"]
[Date "2016.01.30"]
[Round "1.27"]
[White "Paravyan, David"]
[Black "Uraev, Ivan"]
[Result "1-0"]
[WhiteTitle "IM"]
[BlackTitle "FM"]
[WhiteElo "2509"]
[BlackElo "2302"]
[WhiteFideId "4194985"]
[BlackFideId "4192443"]
[EventDate "2016.01.30"]

1. e4 c5 2. Be2 e6 3. f4 Nc6 4. Nf3 d5 5. d3 Nf6 6. e5 Nd7 7. c4 Nb6 8. O-O Be7
9. Be3 O-O 10. Bf2 a5 11. Nc3 a4 12. Nb5 d4 13. Nd2 Na7 14. Na3 Bd7 15. Bf3 Qc7
16. Be4 Bc6 17. Qh5 g6 18. Qh3 Rae8 19. Bxc6 Qxc6 20. Rae1 Nd7 21. Bh4 f5 22.
exf6 Bxf6 23. Ne4 Bg7 24. Ng5 Rf5 25. g4 Rff8 26. Re2 h6 27. Ne4 Rf7 28. Bg3 Nf6
29. Rfe1 Nxe4 30. Rxe4 Rff8 31. Qg2 Kh7 32. Qe2 e5 33. fxe5 Re6 34. Qg2 Qe8 35.
R4e2 Rf7 36. Qd5 b6 37. Nb5 Nxb5 38. cxb5 Rd7 39. Qc4 Ra7 40. b4 axb3 41. axb3
Ra5 42. b4 Rxb5 43. bxc5 bxc5 44. Qd5 Qe7 45. Ra2 Rbb6 46. Ra8 Qg5 47. Qxc5 Qxg4
48. Qc8 h5 49. Qg8+ Kh6 50. Ra7 Bxe5 51. Qh7+ Kg5 52. h4+ Kf5 53. Qf7+ Bf6 54.
Rf1+ 1-0

[Event "Moscow Open A 2016"]
[Site "Moscow RUS"]
[Date "2016.01.30"]
[Round "1.28"]
[White "Bikuzhin, Maksim"]
[Black "Kharchenko, Boris"]
[Result "1-0"]
[WhiteTitle "FM"]
[BlackTitle "GM"]
[WhiteElo "2301"]
[BlackElo "2506"]
[WhiteFideId "24128015"]
[BlackFideId "14113210"]
[EventDate "2016.01.30"]

1. e4 e5 2. Nf3 Nc6 3. Bc4 Nf6 4. d4 exd4 5. e5 d5 6. Bb5 Ne4 7. Nxd4 Bd7 8.
Bxc6 Bxc6 9. O-O Bc5 10. Be3 Bd7 11. f3 Ng5 12. c3 O-O 13. Nd2 Bb5 14. Re1 Bxd4
15. cxd4 Ne6 16. Qb3 c6 17. a4 Ba6 18. f4 f5 19. Nf3 h6 20. Bd2 Rf7 21. h4 b6
22. Qe3 c5 23. b4 cxb4 24. Bxb4 Rc7 25. a5 Rc4 26. axb6 axb6 27. Bd6 Bb5 28. Qb3
Rxa1 29. Rxa1 Be8 30. Qb1 Bg6 31. h5 Bxh5 32. Qxf5 Qe8 33. Ra7 Bg6 34. Qg4 h5
35. Qg3 Bf7 36. Re7 Qa4 37. Ng5 h4 38. Qg4 Nf8 39. Rxf7 1-0

[Event "Moscow Open A 2016"]
[Site "Moscow RUS"]
[Date "2016.01.30"]
[Round "1.29"]
[White "Gordievsky, Dmitry"]
[Black "Mashkov, Sergey"]
[Result "1-0"]
[WhiteTitle "FM"]
[BlackTitle "FM"]
[WhiteElo "2506"]
[BlackElo "2301"]
[WhiteFideId "24112798"]
[BlackFideId "24102067"]
[EventDate "2016.01.30"]

1. d4 Nf6 2. c4 g6 3. Nc3 Bg7 4. e4 d6 5. Be2 O-O 6. Bg5 c6 7. Nf3 Qe8 8. O-O a5
9. Re1 Nfd7 10. Bf1 e5 11. d5 f6 12. Be3 Qe7 13. dxc6 bxc6 14. Qd2 Re8 15. Nb5
d5 16. Nc7 dxe4 17. Ng5 fxg5 18. Nxa8 Bb7 19. Qxa5 Na6 20. Nb6 Ndc5 21. Rad1 Bf8
22. Qd2 Ne6 23. Qd7 Nb4 24. Qxe7 Rxe7 25. Bd2 Rf7 26. Rxe4 Nc5 27. Bxb4 Nxe4 28.
Bxf8 Kxf8 29. Nd7+ Ke8 30. Nxe5 Rxf2 31. Re1 c5 32. Bd3 Rf4 33. g3 Rf5 34. Bxe4 1-0

[Event "Moscow Open A 2016"]
[Site "Moscow RUS"]
[Date "2016.01.30"]
[Round "1.31"]
[White "Igonin, Temur"]
[Black "Komissarov, Alexey"]
[Result "1-0"]
[WhiteTitle "FM"]
[BlackTitle "FM"]
[WhiteElo "2498"]
[BlackElo "2292"]
[WhiteFideId "14203049"]
[BlackFideId "4176545"]
[EventDate "2016.01.30"]

1. e4 c5 2. Nf3 d6 3. d4 cxd4 4. Nxd4 Nf6 5. Nc3 g6 6. Be3 Bg7 7. f3 Nc6 8. Qd2
O-O 9. O-O-O d5 10. exd5 Nxd5 11. Nxc6 bxc6 12. Bd4 e5 13. Bc5 Be6 14. Ne4 Rb8
15. Bc4 Re8 16. h4 h6 17. Bxa7 Ra8 18. Bf2 Qb8 19. c3 Nb6 20. Bxe6 Rxe6 21. b3
Nd5 22. g4 f5 23. gxf5 gxf5 24. Nc5 Re7 25. Rhg1 Kh7 26. h5 e4 27. Rxg7+ Rxg7
28. fxe4 fxe4 29. Nxe4 Qe5 30. Qc2 Kg8 31. Bd4 Qf4+ 32. Kb1 Rg4 33. Nf2 Rg2 34.
Re1 c5 35. Bxc5 Rc8 36. Re4 Rxf2 37. Re8+ Rxe8 38. Qg6+ Kh8 39. Qxe8+ Kh7 40.
Bxf2 Nxc3+ 41. Kc2 Nxa2 42. Qd7+ Kg8 43. Qd5+ Kh7 44. Qd3+ Kg8 45. Qg3+ Qxg3 46.
Bxg3 Nb4+ 47. Kc3 Nd5+ 48. Kd4 Nf6 49. b4 Kf7 50. b5 Nd7 51. Bf4 Ke6 52. Bxh6
Nf6 53. Bf4 Nxh5 54. Be5 Kd7 55. Kc5 Ke6 56. Kd4 Kd7 57. Kd5 1-0

[Event "Moscow Open A 2016"]
[Site "Moscow RUS"]
[Date "2016.01.30"]
[Round "1.32"]
[White "Smirnov, Timofey"]
[Black "Potapov, Pavel"]
[Result "1/2-1/2"]
[BlackTitle "IM"]
[WhiteElo "2288"]
[BlackElo "2492"]
[WhiteFideId "24176427"]
[BlackFideId "4169786"]
[EventDate "2016.01.30"]

1. e4 c5 2. Nf3 a6 3. c3 d5 4. exd5 Qxd5 5. d4 cxd4 6. cxd4 Nf6 7. Nc3 Qd6 8.
Be2 e6 9. Be3 Nc6 10. O-O Be7 11. Qd2 O-O 12. Rfd1 Nb4 13. Bf4 Qd8 14. Rac1 Nbd5
15. Be3 b5 16. Ne5 Bb7 17. Bf3 Nxc3 18. Qxc3 Bxf3 19. Nxf3 Qd5 20. a3 Qb7 21.
Qc6 Qxc6 22. Rxc6 Nd5 23. Ne5 Rfd8 24. Nd3 Kf8 25. Kf1 Ke8 26. Rdc1 Bd6 27. Ke2
f6 28. h3 Kd7 29. R6c2 Rdc8 30. Bd2 Rxc2 31. Rxc2 Rc8 32. Rxc8 Kxc8 33. Nc1 Kd7
34. Kd3 Nb6 35. Ne2 Nc4 36. Bc1 Kc6 37. a4 Nb6 38. axb5+ Kxb5 39. Bf4 Bb4 40.
Be3 Nd5 41. Nf4 Nc7 42. Nh5 Bf8 43. Bd2 Nd5 44. Nf4 Nxf4+ 45. Bxf4 Kb4 46. Kc2
Kc4 47. Be3 Bb4 48. b3+ Kd5 49. Kd3 Ba5 50. Bc1 Bb6 51. Bb2 f5 52. f3 g6 53. Bc3
h5 54. Bb2 Bc7 55. Bc3 Bb6 56. Bb2 1/2-1/2

[Event "Moscow Open A 2016"]
[Site "Moscow RUS"]
[Date "2016.01.30"]
[Round "1.33"]
[White "Lugovskoy, Maxim"]
[Black "Schekachikhin, Maksim"]
[Result "1/2-1/2"]
[WhiteTitle "IM"]
[BlackTitle "FM"]
[WhiteElo "2489"]
[BlackElo "2285"]
[WhiteFideId "24126454"]
[BlackFideId "24177830"]
[EventDate "2016.01.30"]

1. e4 e6 2. b3 c5 3. Bb2 b6 4. g3 Bb7 5. Bg2 Nf6 6. d3 d5 7. e5 Nfd7 8. f4 Nc6
9. Nf3 Be7 10. O-O O-O 11. Qe2 b5 12. Nbd2 Qb6 13. Kh1 d4 14. Ne4 Nb4 15. c3
dxc3 16. Bxc3 Rad8 17. Bxb4 cxb4 18. d4 Rc8 19. Nfg5 h6 20. Nh3 Bd5 21. f5 exf5
22. Rxf5 Be6 23. Rf4 g5 24. Qh5 gxf4 25. gxf4 Rc6 26. f5 Bxf5 27. Qxf5 Qxd4 28.
Rg1 Rg6 29. Nf4 Nxe5 30. Nxg6 Nxg6 31. Bf3 Kh7 32. Bh5 Qb6 33. Qd7 Qd8 34. Qxb5
Qa8 35. Qf5 Qc6 36. Rd1 Kg7 37. Bf3 Qc2 38. Rg1 Qc8 39. Qe5+ Kh7 40. Rxg6 Kxg6
41. Qxe7 Qf5 42. Kg2 Rc8 43. Qd6+ Qe6 44. Qxb4 Rc2+ 45. Nf2 Rxa2 46. h4 Kg7 47.
Qc5 Qg6+ 48. Kh3 Qf6 49. Kg3 Qg6+ 50. Ng4 h5 51. Qe5+ Kf8 52. Qh8+ Ke7 53. Qe5+
Kf8 54. Qb8+ Kg7 55. Qe5+ 1/2-1/2

[Event "Moscow Open A 2016"]
[Site "Moscow RUS"]
[Date "2016.01.30"]
[Round "1.34"]
[White "Galaktionov, Artem"]
[Black "Gasanov, Eldar"]
[Result "1/2-1/2"]
[BlackTitle "GM"]
[WhiteElo "2285"]
[BlackElo "2488"]
[WhiteFideId "24175471"]
[BlackFideId "14104466"]
[EventDate "2016.01.30"]

1. d4 Nf6 2. Nf3 e6 3. c4 d5 4. Nc3 c6 5. g3 Nbd7 6. Qd3 b6 7. cxd5 exd5 8. Bg2
Be7 9. O-O O-O 10. Nd2 a5 11. Rd1 Ba6 12. Qf3 b5 13. e4 b4 14. Ne2 dxe4 15. Nxe4
Nxe4 16. Qxe4 Nf6 17. Qc2 Rc8 18. Bh3 Rc7 19. Bf4 Bd6 20. Bxd6 Qxd6 21. Nf4 c5
22. dxc5 Qxc5 23. Qxc5 Rxc5 24. Rd6 Bb7 25. a3 bxa3 26. bxa3 Re8 27. Bf1 Rc2 28.
Rad1 h5 29. Bb5 Rf8 30. Be2 Ra2 31. R1d3 Ne4 32. Rb6 Nc5 33. Rd1 g5 34. Bc4 Rc2
35. Bd5 gxf4 36. Bxb7 Rb8 37. Be4 Rxb6 38. Bxc2 Rb2 39. Rc1 Nb3 40. Bxb3 Rxb3
41. Rc5 Rxa3 42. Rxh5 fxg3 43. hxg3 Kg7 44. Kg2 1/2-1/2

[Event "Moscow Open A 2016"]
[Site "Moscow RUS"]
[Date "2016.01.30"]
[Round "1.35"]
[White "Geller, Jakov"]
[Black "Vasilyev, Vasily"]
[Result "1-0"]
[WhiteTitle "GM"]
[BlackTitle "FM"]
[WhiteElo "2487"]
[BlackElo "2284"]
[WhiteFideId "4151984"]
[BlackFideId "24102180"]
[EventDate "2016.01.30"]

1. e4 c5 2. Nf3 d6 3. d4 cxd4 4. Nxd4 Nf6 5. Nc3 Nc6 6. Bg5 e6 7. Qd2 h6 8. Bxf6
gxf6 9. O-O-O a6 10. f4 Bd7 11. Kb1 Qb6 12. Nb3 O-O-O 13. Be2 h5 14. Rhf1 Be7
15. Rf3 Rdg8 16. Bf1 Be8 17. a3 Kb8 18. Rh3 Na5 19. Nd5 exd5 20. Nxa5 Bd8 21. b4
dxe4 22. Nc4 Qc7 23. Nxd6 Bc6 24. Rc3 Be7 25. Nxe4 Rd8 26. Bd3 Rd4 27. g3 a5 28.
b5 Qb6 29. Qe2 Rhd8 30. Nd2 Rxd3 31. cxd3 Qxb5+ 32. Rb3 Qc5 33. Rc1 Qd6 34. Rxc6
Qxc6 35. Qxe7 Re8 36. Qxf7 Re1+ 37. Ka2 Re2 38. Rb2 Qg2 39. Qxf6 Rxd2 40. Qd8+ 1-0

[Event "Moscow Open A 2016"]
[Site "Moscow RUS"]
[Date "2016.01.30"]
[Round "1.36"]
[White "Elistratov, Semen"]
[Black "Vorotnikov, Vladislav V"]
[Result "1-0"]
[WhiteTitle "FM"]
[BlackTitle "GM"]
[WhiteElo "2277"]
[BlackElo "2484"]
[WhiteFideId "24134325"]
[BlackFideId "4103009"]
[EventDate "2016.01.30"]

1. e4 e5 2. Nf3 d6 3. d4 exd4 4. Nxd4 Nf6 5. Nc3 g6 6. Be3 Bg7 7. Qd2 O-O 8.
O-O-O Nc6 9. f3 Nxd4 10. Bxd4 Be6 11. g4 c6 12. h4 b5 13. g5 Nh5 14. Bxg7 Nxg7
15. Qxd6 Qb6 16. Qd4 b4 17. Na4 Qa5 18. b3 Rad8 19. Qc5 Rxd1+ 20. Kxd1 Rd8+ 21.
Kc1 Qc7 22. Be2 Qf4+ 23. Kb1 Nh5 24. Qxb4 Ng3 25. Rd1 Rf8 26. Qd2 Qxh4 27. Ba6
Nh5 28. Nc5 Nf4 29. Rg1 Nh3 30. Nxe6 fxe6 31. Bc4 Nxg1 32. Bxe6+ Rf7 33. Bxf7+
Kxf7 34. Qd7+ Kf8 35. Qd6+ Kf7 36. Qc7+ Ke6 37. Qxc6+ Kf7 38. Qd5+ 1-0

[Event "Moscow Open A 2016"]
[Site "Moscow RUS"]
[Date "2016.01.30"]
[Round "1.37"]
[White "Matinian, Nikita"]
[Black "Klepikov, Nikita"]
[Result "1/2-1/2"]
[WhiteTitle "IM"]
[WhiteElo "2476"]
[BlackElo "2273"]
[WhiteFideId "24129100"]
[BlackFideId "24145220"]
[EventDate "2016.01.30"]

1. e4 d5 2. exd5 Nf6 3. d4 Bg4 4. f3 Bf5 5. Bb5+ Nbd7 6. c4 e6 7. dxe6 fxe6 8.
Ne2 c6 9. Ba4 Bd6 10. Be3 O-O 11. Nbc3 e5 12. Bc2 Bxc2 13. Qxc2 exd4 14. Bxd4
Qc7 15. O-O-O a6 16. h4 b5 17. h5 b4 18. Ne4 Nxe4 19. Qxe4 Rae8 20. Qc2 c5 21.
Bf2 Nb6 22. Kb1 a5 23. h6 g6 24. Nc1 a4 25. Nd3 b3 26. axb3 axb3 27. Qxb3 Ra8
28. Qb5 Na4 29. Nxc5 Nxc5 30. Bxc5 Qxc5 31. Qxc5 Bxc5 32. Rd7 Rf7 33. Rhd1 Be3
34. Rxf7 Kxf7 35. Rd7+ Kg8 36. Kc2 Bxh6 37. c5 Bf4 38. b4 h5 39. c6 Rc8 40. b5
Rb8 41. c7 1/2-1/2

[Event "Moscow Open A 2016"]
[Site "Moscow RUS"]
[Date "2016.01.30"]
[Round "1.38"]
[White "Giannoulakis, Labros"]
[Black "Badmatsyrenov, Oleg"]
[Result "0-1"]
[BlackTitle "IM"]
[WhiteElo "2272"]
[BlackElo "2473"]
[WhiteFideId "4247019"]
[BlackFideId "24115762"]
[EventDate "2016.01.30"]

1. d4 g6 2. c4 Bg7 3. e4 c5 4. d5 d6 5. Nc3 e6 6. Nge2 Ne7 7. Ng3 a6 8. Bf4 O-O
9. Be2 e5 10. Bg5 h6 11. Bd2 Nd7 12. O-O Nf6 13. f3 h5 14. Nh1 Nh7 15. Nf2 Kh8
16. Rb1 f5 17. b4 b6 18. bxc5 bxc5 19. Qb3 Ng8 20. Qc2 Bh6 21. Bxh6 Nxh6 22. Na4
fxe4 23. fxe4 Ra7 24. Rb8 Raf7 25. Nb6 Qc7 26. Rxc8 Rxc8 27. Nxc8 Qxc8 28. h3
Kg7 29. Nd3 Rxf1+ 30. Bxf1 Nf7 31. Qb3 Qd8 32. Nf2 Qa5 33. g3 Nf6 34. h4 Qe1 35.
Qc2 Nh6 36. Qe2 Qc3 37. Qd3 Qb2 38. Qb3 Qd4 39. Qd3 Nhg4 40. Qxd4 exd4 41. Bd3
Nxf2 42. Kxf2 Ng4+ 43. Ke2 Kf6 44. Kf3 Ne5+ 45. Ke2 g5 46. hxg5+ Kxg5 47. Kd2
Ng4 48. Be2 Ne3 49. Bxh5 0-1